Statistics for Fast Typing - One Country For Each Continent

Click here to take the quiz!

General Stats

  • This quiz has been taken 3,141 times
  • The average score is 5 of 6

Answer Stats

Continent% Correct
Africa
94%
Asia
91%
Europe
91%
North America
86%
Oceania
79%
South America
73%

Score Distribution

Percentile by Number Answered

Percent of People with Each Score

Your Score History

You have not taken this quiz